The noble scholar, jurist, historian


 His Excellency Dr. Abdul Wahhab bin Ibrahim Abu Sulaiman, may Allah have mercy on him.


 He was born in Umm Al-Qura in the year 1356 AH.

تشويق الأنام في الحج إلى بيت الله الحرام وزيارة قبر النبي عليه الصلاة والسلام / (Record no. 14335)

MARC details
000 -LEADER
fixed length control field 01712cam a22003131i 4500
003 - CONTROL NUMBER IDENTIFIER
control field SA-RiAUC
005 - DATE AND TIME OF LATEST TRANSACTION
control field 20260215132105.0
008 - FIXED-LENGTH DATA ELEMENTS--GENERAL INFORMATION
fixed length control field 250804s2008____su g 000 0dara c
040 ## - CATALOGING SOURCE
Original cataloging agency SA-JeALM
Language of cataloging ara
Transcribing agency SA-RiAUC
Description conventions rda
043 ## - GEOGRAPHIC AREA CODE
Geographic area code a-su---
082 04 - DEWEY DECIMAL CLASSIFICATION NUMBER
Classification number 252.5
Assigning agency SA-MAUQU
090 ## - LOCALLY ASSIGNED LC-TYPE CALL NUMBER (OCLC); LOCAL CALL NUMBER (RLIN)
Classification number (OCLC) (R) ; Classification number, CALL (RLIN) (NR) م ن 252.5
Local cutter number (OCLC) ; Book number/undivided call number, CALL (RLIN) م ر ع
100 1# - MAIN ENTRY--PERSONAL NAME
Personal name مرعي الكرمي، مرعي بن يوسف بن أبي بكر،
Dates associated with a name توفي 1033 هجري
Relator term مؤلف.
245 10 - TITLE STATEMENT
Title تشويق الأنام في الحج إلى بيت الله الحرام وزيارة قبر النبي عليه الصلاة والسلام /
Statement of responsibility, etc. مرعي بن يوسف أبي بكر الكرمي
264 #1 - PRODUCTION, PUBLICATION, DISTRIBUTION, MANUFACTURE, AND COPYRIGHT NOTICE
Place of production, publication, distribution, manufacture بدون مكان نشر:
Name of producer, publisher, distributor, manufacturer بدون ناشر،
Date of production, publication, distribution, manufacture, or copyright notice بدون تاريخ نشر.
300 ## - PHYSICAL DESCRIPTION
Extent بدون ترقيم ؛
Dimensions 29 سم
336 ## - CONTENT TYPE
Content type term نص
Content type code txt
Source rdacontent
Materials specified كتاب
337 ## - MEDIA TYPE
Media type term بدون وسيط
Media type code n
Source rdamedia
338 ## - CARRIER TYPE
Carrier type term مجلد
Carrier type code nc
Source rdacarrier
600 07 - SUBJECT ADDED ENTRY--PERSONAL NAME
Personal name محمد (صلى الله عليه وسلم)،
Dates associated with a name 53 قبل الهجرة-11 هجري
General subdivision ضريح
Source of heading or term aucnm
610 27 - SUBJECT ADDED ENTRY--CORPORATE NAME
Corporate name or jurisdiction name as entry element المسجد النبوي الشريف
General subdivision فضائل
Source of heading or term aucnm
610 27 - SUBJECT ADDED ENTRY--CORPORATE NAME
Corporate name or jurisdiction name as entry element المسجد الحرام
General subdivision فضائل
Source of heading or term aucnm
650 #7 - SUBJECT ADDED ENTRY--TOPICAL TERM
Topical term or geographic name entry element الحج
General subdivision فضائل
Source of heading or term aucsh
650 #7 - SUBJECT ADDED ENTRY--TOPICAL TERM
Topical term or geographic name entry element زيارة المدينة المنورة
Source of heading or term aucsh
700 12 - ADDED ENTRY--PERSONAL NAME
Relationship information تحقيق لـ (عمل) :
Personal name مرعي الكرمي، مرعي بن يوسف بن أبي بكر،
Dates associated with a name توفي 1033 هجري.
Title of a work تشويق الأنام في الحج إلى بيت الله الحرام وزيارة قبر النبي عليه الصلاة والسلام
700 1# - ADDED ENTRY--PERSONAL NAME
Personal name القبيسي، عدنان عبد الرحمن مجيد
Relator term محقق.
942 ## - ADDED ENTRY ELEMENTS (KOHA)
Source of classification or shelving scheme Dewey Decimal Classification
Koha item type كتاب مصور نادر
Suppress in OPAC No
949 ## - LOCAL PROCESSING INFORMATION (OCLC)
a SA-JeALM
d 250804
u osman123
n 1
Holdings
Withdrawn status Lost status Source of classification or shelving scheme Damaged status Not for loan Home library Current library Date acquired Total checkouts Full call number Barcode Date last seen Price effective from Koha item type
    Dewey Decimal Classification     DR AbdElwahab Library DR AbdElwahab Library 02/15/2026   م ن 252.5 م ر ع 000022748 02/15/2026 02/15/2026 كتاب مصور نادر